Aprender para el futuro: educación para la salud

Uloženo v:
Podrobná bibliografie
Korporativní autor: Fundación Santillana (Autor)
Médium: Kniha
Jazyk:španělština
Vydáno: Madrid Fundación Santillana 1993
Témata:
Tagy: Přidat tag
Žádné tagy, Buďte první, kdo vytvoří štítek k tomuto záznamu!

MARC

LEADER 00000nam a2200000 a 4500
001 UCR6992
003 CL-VaPUC
005 20211124074219.0
008 980430e19930000sp 1 spa d
082 0 4 |a 372.37  |b FUN  |2 21 
110 2 |a Fundación Santillana  |e author  |9 618947 
245 1 0 |a Aprender para el futuro: educación para la salud 
260 |a Madrid  |b Fundación Santillana  |c 1993 
300 |a 55 p 
583 |a last modification  |c 19980430 00:00:00  |k Rodrigo Vera 
650 0 0 |a Salud  |9 258663 
650 0 0 |a Enseñanza  |9 256457 
650 0 0 |a Bienestar social   |9 255298 
650 0 7 |a EDUCACION SANITARIA  |2 CL-VaPUC  |9 339099 
650 0 7 |a PROGRAMAS SOCIALES  |2 CL-VaPUC  |9 324718 
942 |c BK 
945 |a rbrito  |d 19980430 00:00:00 
546 |a En Español 
536 |a Fundación Santillana 
518 |p Semana Monográfica,8,Madrid,noviembre de 1993 
999 |c 383172  |d 383170 
952 |0 0  |1 0  |4 0  |6 372_370000000000000_FUN_1993  |7 0  |8 P  |9 505215  |a BIBEDU  |b BIBEDU  |c BIBEDU_PB  |d 2020-01-23  |i 3404838  |o 372.37 FUN 1993  |p 3404838  |r 2024-01-25  |w 2020-01-23  |y BK  |k EPE 
952 |0 0  |1 0  |4 0  |6 372_370000000000000_FUN_1993  |7 0  |8 P  |9 505216  |a BIBEDU  |b BIBEDU  |c BIBEDU_PB  |d 2020-01-23  |i 3418928  |o 372.37 FUN 1993  |p 3418928  |r 2024-01-25  |w 2020-01-23  |y BK  |k BME